| 000 | 00416pab a2200181 454500 | ||
|---|---|---|---|
| 008 | 180718b2010 xxu||||| |||| 00| 0 eng d | ||
| 100 | _aJayakumar, G. Stanley | ||
| 245 | _aCoping with an ageing world | ||
| 260 | _c2010 | ||
| 300 | _ap.15-17. | ||
| 362 | _aOct | ||
| 650 | _aAgeing population | ||
| 700 | _aRoslene (Sr) | ||
| 700 | _aViolet, A. | ||
| 773 | _aSocial Welfare | ||
| 908 | _aN | ||
| 909 | _a89443 | ||
| 999 |
_c89443 _d89443 |
||